Chinese political traditions /

Bibliographic Details
Main Author: Houn, Franklin W., 1920-2014
Format: Book
Language:English
Published: Washington : Public Affairs Press, [1965]
Subjects:

MARC

Tag First Indicator Second Indicator Subfields
LEADER 00000cam a2200000 4500
001 in00000038922
005 20151007081401.0
008 720920s1965 eng u
010 |a  65028457  
035 |a (OCoLC)00410989 
035 |9 AAF6297AM 
040 |c TOL  |d TXA  |d UtOrBLW 
049 |a TXAM  |c [474555] 
050 0 0 |a JQ1508  |b .H6 
082 0 |a 320.951 
092 |a 320.951  |b H835c 
100 1 |a Houn, Franklin W.,  |d 1920-2014. 
245 1 0 |a Chinese political traditions /  |c [by] Franklin W. Houn. 
264 1 |a Washington :  |b Public Affairs Press,  |c [1965] 
300 |a iv, 130 pages ;  |c 24 cm. 
336 |a text  |b txt  |2 rdacontent 
337 |a unmediated  |b n  |2 rdamedia 
338 |a volume  |b nc  |2 rdacarrier 
504 |a "References": pages 117-127. 
651 0 |a China  |x Politics and government. 
651 0 |a China  |x Civilization. 
999 |a MARS 
999 f f |s 8d050790-5e66-3b5b-aeec-1e30dd19b360  |i 0893a4ea-69d8-3216-ba20-c696ec838895  |t 0 
952 f f |p ric  |a Texas A&M University  |b Rellis Campus  |c Joint Library Facility  |d Remote Storage  |t 0  |e JQ1508 .H6  |h Library of Congress classification  |i unmediated -- volume  |m A14800660548 
998 f f |a JQ1508 .H6  |t 0  |l Remote Storage